000 01145cam a22003377a 4500
003 CHAP
005 20220817043317.0
008 971013s1989 r 00010 d
010 _a71462
011 _a72434
035 _a81989
040 _cCHAP
082 _a581.4
_bB65Y
100 0 0 _aBold, Harold Charles.
_913490
245 1 0 _aMorfología de las plantas y los hongos
_c/por Harold Charles Bold
260 _aBarcelona :
_bOmega,
_c1989
300 _a911 p.
_b: ilus.
590 _aBATCH-UPD
_b10
_c20130110
_lUCH01
_h0111
590 _aBATCH-UPD
_b10
_c20130110
_lUCH01
_h1338
590 _aBATCH-UPD
_b10
_c20130410
_lUCH01
_h0840
590 _aBATCH-UPD
_b10
_c20130914
_lUCH01
_h1139
590 _aCONVERSION
_b10
_c20130109
_lUCH01
_h1339
650 1 4 _aMicología.
_975476
650 1 4 _aMorfología vegetal.
_978772
700 0 _aAlexopoulos, Constantine John.
_93843
700 0 _aDelevoryas, Theodore.
901 _aBK
942 _cLIBRO
949 _a581.4 B65Y
_bBC
_cLIBRO
_d33724000903852
_eLIBRO
_gI.172986
_h86716
_i81989
_si
_t425.00
949 _a581.4 B65Y
_bBC
_cLIBRO
_d33724000906343
_eLIBRO
_fc.2
_gI.172985
_h867717
_i81989
_si
_t425.00
999 _c71462
_d71462